| 000 | 00900nam a2200253Ia 4500 | ||
|---|---|---|---|
| 003 | OSt | ||
| 005 | 20220918171408.0 | ||
| 006 | a|||||r|||| 00| 0 | ||
| 007 | ta | ||
| 008 | 220917b |||||||| |||| 00| 0 eng d | ||
| 020 |
_a9781611483604 (hbk) _c4061.71 |
||
| 024 | _a281,180 | ||
| 037 |
_b40683, 21/03/2014, Segment Book Distributors _cTextual |
||
| 040 |
_aARTS _cARTS _beng |
||
| 041 |
_2eng _aeng |
||
| 082 | _aO111(Y15),3:g(Y2), Q2 | ||
| 100 |
_aGolightly Jennifer _936324 |
||
| 245 | 0 |
_aFamily marriage and radicalism in British women's novels of the 1790s _b Public affection and private afflication |
|
| 260 |
_aMarylnd _bBucknell University Press _c2012 |
||
| 300 |
_avii,165p. _ccm. |
||
| 650 | _aENGLISH LITERATURE | ||
| 942 |
_hO111(Y15),3:g(Y2), Q2 _cTEXL _2CC |
||
| 999 |
_c139382 _d139382 |
||